| 000 | 00486nam a22001577a 4500 | ||
|---|---|---|---|
| 008 | 140129b xxu||||| |||| 00| 0 eng d | ||
| 050 | _aJC11.L655 | ||
| 100 |
_aLeval, G _97261 |
||
| 245 |
_aL'etat dans L'histoire / _cG Leval; introduction by F. Iglesias |
||
| 260 |
_aParis _bEditions du Monde Libertaire _c1983 |
||
| 300 |
_a299p. _c18cm. |
||
| 440 |
_aBibliotheque Anarchiste _97262 |
||
| 650 |
_aState, the _xHistory _97263 |
||
| 700 |
_aIdlesias, F _97264 |
||
| 942 |
_2lcc _cMONOGRAPH |
||
| 999 |
_c119758 _d119758 |
||